Регионална библиотека "Любен Каравелов" - Русе

Пратеник на Мъжки времена (Запис номер 130902)

MARC детайли
000 -Лидер
Контролно поле с фиксирана дължина 02247nam a2200469 c 4500
003 - Код на организацията, давaща контролен номер
Контролно поле BLK
005 - Дата и час на последна редакция
Контролно поле 20211013121425.0
008 - Елементи от данни с фиксирана дължина
fixed length control field 180409b bul|||||r ||||||| ||bul||
010 ## - Наследен системен номер
LC control number KNG00136698000
020 ## - Международен стандартен номер на книга ISBN
Международен стандартен номер на книга ISBN 978-954-491-793-7
-- издат.: Жанет 45
040 ## - Източник на каталожния запис
Идентификатор на билиотеката - собственик на записа BLK
041 ## - Код за език
Код за езика на текст/звукозапис или на отделно заглавие Български
Код за езика КДБФ Български
072 #7 - Код за тематичната категория
Код организация bullib
Код за тематична категория Н84
Текст Българска художествена литература Н
080 ## - УДК
Текстов определител УДК Българска литература
УДК код - определител по УДК 821.163.2
УДК определител -94
УДК - код + определител 821.163.2-94
080 ## - УДК
Текстов определител УДК Актьори, театрални
УДК код - определител по УДК 792.071.2
УДК определител (497.2)(092)(0:82-9)
УДК - код + определител 792.071.2(497.2)(092)(0:82-9)
080 ## - УДК
Текстов определител УДК Киноактьори
УДК код - определител по УДК 791.44.071.2
УДК определител (497.2)(092)(0:82-9)
УДК - код + определител 791.44.071.2(497.2)(092)(0:82-9)
080 ## - УДК
Текстов определител УДК Григоров, Григор Вачков. Български театрален и киноактьор, народен артист
УДК код - определител по УДК 929 Вачков, Григор
УДК определител
УДК - код + определител 929 Вачков, Григор
100 1# - Редна дума - Автор
Автор Вачкова, Силвия
Авторска отговорност първи автор
R(LIN) 322464
139 ## - Редно поле
Редна дума Вачкова, Силвия и др.
Авторски знак Вач - В 31
245 10 - Сведения за заглавието
Заглавие Пратеник на Мъжки времена
Подзаглавни данни Спомени за Григор Вачков
Редно поле (дума) Силвия Вачкова; съавт. Мартина Григорова Вачкова; съавт. Юрий Ангелов Дачев.
257 ## - Страна на издаване
Страна на създаване/издаване България
260 ## - Област на издателските данни
-- Пловдив
Име на издателя, разпространителя и проч. Жанет 45
Година на издаване 2012
300 ## - Физическа характеристика
Страници 254 с.
Илюстрации и др. с портр., ил., факс.
Размери/Мащаб 20 см
Съпровождащи материали 1 DVD
380 ## - Жанр
Жанр Худож. лит.
500 ## - Общи забележки
Забележка Прил. DVD Ние, духовата музика : Мюзикъл със сигн. CD 3218.
600 14 - Име на лице, използвано като предмет
За него / За нея Вачков, Григор
9 (RLIN) 322466
650 #4 - Допълнително описание по предмет – тема
Основно описание – тема или топоним Вачков, Григор
9 (RLIN) 322466
650 #4 - Допълнително описание по предмет – тема
Основно описание – тема или топоним Актьори, български
9 (RLIN) 263862
651 #4 - Допълнително описание по предмет - топоним
Географско понятие България
9 (RLIN) 241624
653 ## - Ключова дума – ненормативна
Ключова дума Григор Вачков
653 ## - Ключова дума – ненормативна
Ключова дума киноартисти
653 ## - Ключова дума – ненормативна
Ключова дума театрални дейци
653 ## - Ключова дума – ненормативна
Ключова дума спомени
659 ## - Тематичен бюлетин
Тематичен бюлетин Н
700 1# - Други автори (авторска отговорност)
Лично име Вачкова, Мартина Григорова
Автороска отговорност (Описва отношението между автора и произведението) съавт.
9 (RLIN) 322465
700 1# - Други автори (авторска отговорност)
Лично име Дачев, Юрий Ангелов
Автороска отговорност (Описва отношението между автора и произведението) съавт.
9 (RLIN) 368777
852 ## - Местоположение
Форматна сигнатура Цб 257239
856 4# - Електронен адрес и достъп
Електронен формат pdf - файл
Път до файла /url/
856 4# - Електронен адрес и достъп
Електронен формат pdf - файл
Път до файла /url/
942 ## - АРТИКУЛИ
Вид на библиотечния материал Книги
Скрит в OPAC Не
Koha issues (borrowed), all copies 3
944 ## - СЪЗДАВАНЕ И РЕДАКЦИЯ на ЗАПИСА
Създаване/Редакция Създаване
Дата на регистрацията/редакция 03.04.2007
Статус, дата на статуса ф /
Служител, извършил регистрацията/редакцията Пенка_Димитрова
944 ## - СЪЗДАВАНЕ И РЕДАКЦИЯ на ЗАПИСА
Създаване/Редакция Редакция
Дата на регистрацията/редакция 03.12.2013
Статус, дата на статуса ф /
Служител, извършил регистрацията/редакцията
999 ## - СИСТЕМНИ КОНТРОЛНИ НОМЕРА
Koha biblionumber 130902
Koha biblioitemnumber 130902
Наличности
Код за отписване Код за изгубен артикул Код за повреда Коз за рестрикции Код за отдаване Артикулен № Име на библиотеката - собственик Име на библиотеката, в която се намира в момента Статус (Текущо местоположение) Дата на вписване в системата Местоположение - отдел Цена в лева Инвентарен номер Систематично азбучна сигнатура Баркод Номер на екземпляра Цена в евро Служебна бележка Служебен тип на артикула
  Не е изгубен Не е повреден без рестрикции заемане за дома 213268 Регионална библиотека "Любен Каравелов" Русе Регионална библиотека "Любен Каравелов" Русе Заемна - подръчен фонд 2012-11-26 Заемна - подръчен фонд 14.00 120000761633 П 886.7-9/В 31 120000761633 1 7.16 Дост: Pk Вид: Ф N: 322 Дата: 19.11.2012 Дата инв: 14.02.2018 Бележки инв: П2018 Книги
  Не е изгубен Не е повреден без рестрикции заемане за дома 213269 Регионална библиотека "Любен Каравелов" Русе Регионална библиотека "Любен Каравелов" Русе Заемна - подръчен фонд 2012-11-26 Заемна - подръчен фонд 14.00 120000761634 П 886.7-9/В 31 120000761634 2 7.16 Дост: Pk Вид: Ф N: 322 Дата: 19.11.2012 Дата инв: 14.02.2018 Бележки инв: П2018 Книги
  Не е изгубен Не е повреден без рестрикции ползва се в читалня 213270 Регионална библиотека "Любен Каравелов" Русе Регионална библиотека "Любен Каравелов" Русе Хранилище 2013-12-02 Хранилище 14.00 120000772300 Цб 257239 120000772300 3 7.16 Дост: Dp Вид: Д N: 49 Дата: 04.12.2012 Книги
Vip Innovations Ltd, Rousse, Bulgaria 2025